ბათუმის შოთა რუსთაველის სახელმწიფო უნივერსიტეტის ბიბლიოთეკა

Теоретическая механика в примерах и задачах.Т.1:статика и кинематика. (ბიბ.ჩანაწერი № 37204)

000 -LEADER
fixed length control field 00812nam a2200241Ia 4500
001 - CONTROL NUMBER
control field 3161
003 - CONTROL NUMBER IDENTIFIER
control field GE_BSU
008 - FIXED-LENGTH DATA ELEMENTS--GENERAL INFORMATION
fixed length control field 181216s||||||||xx |||||||||||||| ||und||
020 ## - INTERNATIONAL STANDARD BOOK NUMBER
International Standard Book Number 5020144509
040 ## - CATALOGING SOURCE
Transcribing agency GE_BSU
080 ## - UNIVERSAL DECIMAL CLASSIFICATION NUMBER
Universal Decimal Classification number 531(075.8)
100 ## - MAIN ENTRY--PERSONAL NAME
Personal name Бать,М.И. Джанелидзе,Г.Ю. Кельзон,А.С.
245 ## - TITLE STATEMENT
Title Теоретическая механика в примерах и задачах.Т.1:статика и кинематика.
245 ## - TITLE STATEMENT
Remainder of title Учеб. пособие.
245 ## - TITLE STATEMENT
Statement of responsibility, etc. Ред.Н.П.Рябеньская.
250 ## - EDITION STATEMENT
Edition statement Изд 9-ое, перераб.
260 ## - PUBLICATION, DISTRIBUTION, ETC.
Place of publication, distribution, etc. М.
260 ## - PUBLICATION, DISTRIBUTION, ETC.
Name of publisher, distributor, etc. Наука.
260 ## - PUBLICATION, DISTRIBUTION, ETC.
Date of publication, distribution, etc. 1990.
300 ## - PHYSICAL DESCRIPTION
Extent 672стр.20см.
653 ## - INDEX TERM--UNCONTROLLED
Uncontrolled term Теоретическая механика. Статика и кинематика.
942 ## - ADDED ENTRY ELEMENTS (KOHA)
Koha item type წიგნი
ეგზემპლარები
Withdrawn status Lost status Damaged status Not for loan Date acquired Barcode Date last seen Price effective from Koha item type
        2018-12-17 9149 2018-12-17 2018-12-17 წიგნი